00953nam a2200133Ia 4500008004100000020001800041050001900059100003900078245011100117260003300228300001500261505049900276650004400775120626s9999 xx 000 0 und d a970-641-503-3 aPN81bD65 2004 aDominguez Hidalgo, Antonio eautor aNueva iniciación a las estructuras literarias y su apreciación textualc/ Antonio, Domínguez Hidalgo aMéxicob: Progresoc, 2004 a352 pág. aI. Fundamentos generales y codificaciones pertinentes II. La obra literaria como producto de la comunicación lingüística III. Los planos y los tratados de la obra literaria IV. El plano de la expresión en la obra literaria V. El plano del contenido en la obra literaria VI. La estilística literaria VII. Taxonomía literaria VIII. Consideraciones metodológicas generales para la apreciación textual de la obra literaria IX. Las grandes obras literarias para leer semióticamente a1. Literatura - Historia y críticaÌ